| 000 | 00637nam a2200217Ia 4500 | ||
|---|---|---|---|
| 005 | 20250508164418.0 | ||
| 008 | 008 250505s9999 xx 000 0 eng d | ||
| 020 | _a13:978-0691-11485-9 | ||
| 037 | _aReference | ||
| 040 |
_aFEDL _beng _cFEDL |
||
| 041 |
_aeng _2eng |
||
| 084 |
_a510, KAT _qFEDL |
||
| 100 |
_aKatz Victor Ed. _9442634 |
||
| 245 | 0 | _aMathematics of Egypt, Mesopotamia, China, India and Islam : A sourcebook | |
| 260 |
_aPatiala, India _bPrinceton University Press _c2007 |
||
| 300 | _axiv,685p | ||
| 365 |
_aUSD _b75 |
||
| 650 | _aMathematics | ||
| 942 |
_cREF _h510, KAT |
||
| 999 |
_c1389007 _d1389007 |
||